[Event "ITA-ch sf"]
[Site "Toscana"]
[Date "1999.??.??"]
[Round "5"]
[White "Campanile, Antonio"]
[Black "Adinolfi, Vincenzo"]
[Result "0-1"]
[WhiteElo "2156"]
[BlackElo "2187"]
[PlyCount "60"]
[EventDate "1999.11.??"]
[EventType "swiss"]
[EventRounds "6"]
[EventCountry "ITA"]
[SourceTitle "CBM 073 Extra"]
[Source "ChessBase"]
[SourceDate "2000.01.11"]
[SourceVersion "1"]
[SourceVersionDate "2000.01.11"]
[SourceQuality "1"]

1. c4 Nf6 2. Nc3 e6 3. e4 c5 4. e5 Ng8 5. Nf3 Nc6 6. d4 cxd4 7. Nb5 a6 8. Nbxd4 Nxe5 9. Be2 Nxf3+ 10. Bxf3 Qc7 11. 0-0 Nf6 12. Qe2 Be7 13. b3 0-0 14. Nf5 Bd8 15. Ng3 Rb8 16. Bb2 d6 17. Rac1 Bd7 18. Rfd1 Bc6 19. c5 Bxf3 20. gxf3 Nd5 21. cxd6 Qd7 22. Bxg7 Kxg7 23. Qb2+ f6 24. Nh5+ Kh8 25. Kh1 Qf7 26. Rxd5 exd5 27. Nf4 Rg8 28. Qd4 Qg7 29. Qxd5 Bb6 30. Rf1 Bxf2 0-1

[Event "Karl Wagner Memorial 5th"]
[Site "Graz"]
[Date "1998.09.12"]
[Round "8.34"]
[White "Lampersberger, Erhard"]
[Black "Adinolfi, Vincenzo"]
[Result "0-1"]
[WhiteElo "2090"]
[BlackElo "2170"]
[PlyCount "76"]
[EventDate "1998.09.??"]
[EventType "swiss"]
[EventRounds "9"]
[EventCountry "AUT"]
[SourceTitle "EXT 1999"]
[Source "ChessBase"]
[SourceDate "1998.11.16"]
[SourceVersion "1"]
[SourceVersionDate "1998.11.16"]
[SourceQuality "1"]

1. e4 c5 2. Nf3 Nc6 3. Bb5 g6 4. 0-0 Bg7 5. c3 d6 6. d4 cxd4 7. cxd4 Bd7 8. Nc3 a6 9. Ba4 Nf6 10. d5 Na5 11. Nd4 0-0 12. Bxd7 Nxd7 13. Bg5 Rc8 14. Rc1 Nc4 15. b3 Nb2 16. Qd2 Nc5 17. Qxb2 Bxd4 18. Qe2 Nxb3 19. axb3 Bxc3 20. Qd3 Bf6 21. Rxc8 Qxc8 22. Rc1 Qg4 23. Bxf6 exf6 24. Rc7 b5 25. f3 Qf4 26. Qc3 f5 27. g3 Qg5 28. f4 Qg4 29. Rc6 fxe4 30. Rxd6 Qd1+ 31. Kg2 Qe2+ 32. Kh3 e3 33. Rxa6 Qh5+ 34. Kg2 Qxd5+ 35. Kg1 Qd1+ 36. Kg2 Qe2+ 37. Kh3 Qf1+ 38. Kh4 b4 0-1

[Event "ITA-chT UISP 18th"]
[Site "Montecatini Terme"]
[Date "1997.12.??"]
[Round "7"]
[White "Adinolfi, Vincenzo"]
[Black "Magalotti, Andrea"]
[Result "1/2-1/2"]
[WhiteElo "2165"]
[BlackElo "2155"]
[PlyCount "74"]
[EventDate "1997.12.??"]
[EventType "team-tourn"]
[EventRounds "8"]
[EventCountry "ITA"]
[SourceTitle "EXT 2024"]
[Source "ChessBase"]
[SourceDate "2023.10.10"]
[SourceVersion "1"]
[SourceVersionDate "2023.10.10"]
[SourceQuality "1"]

1. Nf3 c5 2. c4 Nc6 3. Nc3 g6 4. g3 Bg7 5. Bg2 Nf6 6. 0-0 0-0 7. e3 d6 8. d3 d5 9. cxd5 Nxd5 10. Nxd5 Qxd5 11. Nd4 Qd6 12. Nxc6 bxc6 13. Qc2 Ba6 14. Rd1 Rfd8 15. Bf1 c4 16. d4 e5 17. Bxc4 Bxc4 18. Qxc4 exd4 19. exd4 Bxd4 20. Be3 c5 21. Rac1 Qf6 22. Bxd4 cxd4 23. Qd3 Rd7 24. Re1 Rad8 25. Rc2 Kg7 26. a3 h5 27. h4 Qd6 28. b4 Rc7 29. Rec1 Rxc2 30. Rxc2 Rd7 31. b5 Re7 32. Rc1 Re5 33. Rc4 Rxb5 34. Rxd4 Qe5 35. Re4 Qd5 36. Qxd5 Rxd5 37. Ra4 a5 1/2-1/2

[Event "ITA-chT UISP 17th"]
[Site "Montecatini Terme"]
[Date "1996.12.??"]
[Round "3"]
[White "Adinolfi, Vincenzo"]
[Black "Pastorini, Mario"]
[Result "1-0"]
[WhiteElo "2165"]
[BlackElo "2210"]
[PlyCount "149"]
[EventDate "1996.12.??"]
[EventType "team-swiss"]
[EventRounds "8"]
[EventCountry "ITA"]
[SourceTitle "EXT 2024"]
[Source "ChessBase"]
[SourceDate "2023.10.10"]
[SourceVersion "1"]
[SourceVersionDate "2023.10.10"]
[SourceQuality "1"]

1. d4 Nf6 2. Nf3 e6 3. c4 b6 4. g3 Bb7 5. Bg2 Be7 6. Nc3 Ne4 7. Nxe4 Bxe4 8. Bd2 0-0 9. 0-0 c5 10. Bc3 d5 11. cxd5 Bxd5 12. Re1 cxd4 13. Nxd4 Bxg2 14. Kxg2 Qc7 15. Qa4 Nd7 16. Nc6 Bf6 17. Bxf6 Nxf6 18. Rac1 Qb7 19. Kg1 b5 20. Qa3 Kh8 21. Rc2 a6 22. Rec1 h6 23. Ne5 Qe4 24. Nd3 Rfd8 25. Qc5 Nd5 26. Qc6 Qd4 27. Qc5 Qxc5 28. Rxc5 Kg8 29. Ne5 Kf8 30. Kf1 Ne7 31. Ke1 Ke8 32. Rc7 Rac8 33. Nd3 Rxc7 34. Rxc7 Rd6 35. Ra7 Nd5 36. a3 b4 37. Nxb4 Nxb4 38. axb4 Rb6 39. Kd2 Rxb4 40. Kc3 Rb6 41. b4 Kf8 42. Kc4 g6 43. e4 h5 44. h4 Kg7 45. f4 Rc6+ 46. Kd4 Rb6 47. Kc5 Rb5+ 48. Kc4 Rb6 49. e5 Kg8 50. Rd7 Rc6+ 51. Kb3 Kf8 52. Ka4 Rb6 53. Rd6 Rxd6 54. exd6 f6 55. Ka5 e5 56. Kxa6 e4 57. b5 e3 58. b6 e2 59. b7 e1Q 60. b8Q+ Kg7 61. Qc7+ Kh6 62. d7 Qe2+ 63. Kb7 Qb5+ 64. Ka7 Qa4+ 65. Kb8 Qb5+ 66. Qb7 Qa5 67. Kc8 Qc5+ 68. Qc7 Qf5 69. Qd6 Qc2+ 70. Kd8 Qc4 71. Ke8 Qa4 72. Kf8 f5 73. d8Q Qa1 74. Q6f6 Qa3+ 75. Qfe7 1-0

[Event "ITA-chT UISP 17th"]
[Site "Montecatini Terme"]
[Date "1996.12.??"]
[Round "1"]
[White "Adinolfi, Vincenzo"]
[Black "Valori, Vincenzo"]
[Result "1/2-1/2"]
[WhiteElo "2165"]
[BlackElo "1902"]
[PlyCount "74"]
[EventDate "1996.12.??"]
[EventType "team-swiss"]
[EventRounds "8"]
[EventCountry "ITA"]
[SourceTitle "EXT 2024"]
[Source "ChessBase"]
[SourceDate "2023.10.10"]
[SourceVersion "1"]
[SourceVersionDate "2023.10.10"]
[SourceQuality "1"]

1. c4 Nf6 2. Nc3 g6 3. Nf3 Bg7 4. d4 0-0 5. e4 d6 6. h3 e5 7. Be3 c6 8. Be2 Re8 9. dxe5 dxe5 10. Qc2 Qc7 11. 0-0 Be6 12. Rfd1 Nbd7 13. Ng5 Nf8 14. Bc5 N6d7 15. Bd6 Qd8 16. Nf3 Qf6 17. b4 g5 18. Nh2 Ng6 19. Ng4 Bxg4 20. Bxg4 Ndf8 21. Bc5 Ne6 22. Bxe6 Qxe6 23. Ne2 Bf8 24. Bxf8 Rxf8 25. Rd2 Rfd8 26. Rad1 Rxd2 27. Rxd2 Qe7 28. c5 Rd8 29. Ng3 Nh4 30. Qd1 Rxd2 31. Qxd2 Kf8 32. Nf1 Ke8 33. Ne3 Qd7 34. Qxd7+ Kxd7 35. Nc4 f6 36. f3 Ng6 37. g3 h5 1/2-1/2